Who Is This Player? (Gaziantep FK 24/25) - Statistics

General Stats
  • This quiz has been taken 7 times
  • The average score is 9 of 25
Answer Stats
Picture Answer % Correct
Halil Dervişoğlu
100%
Selçuk İnan
100%
Alexandru Maxim
75%
Arda Kızıldağ
75%
Emre Taşdemir
75%
Muhammed Gümüşkaya
75%
Badou N'Diaye
50%
Burak Bozan
50%
Ogün Özçiçek
50%
Semih Güler
50%
Bruno Viana
25%
Christopher Lungoyi
25%
David Okereke
25%
Deian Sorescu
25%
Emmanuel Boateng
25%
Furkan Soyalp
25%
Kacper Kozlowski
25%
Salem M'Bakata
25%
Sokratis Dioudis
25%
Anel Husic
0%
Ertuğrul Ersoy
0%
Halil Bağcı
0%
Kenan Kodro
0%
Ömürcan Artan
0%
Quentin Daubin
0%
No matching quizzes found
Score Distribution
Percent of People with Each Score
Percentile by Number Answered
Your Score History
You have not taken this quiz